Statistics for Ne-Yo Charting Songs (Billboard Hot 100)

Click here to take the quiz!

General Stats

  • This quiz has been taken 10 times
    (7 since last reset)
  • The average score is 12 of 30

Answer Stats

AlbumWeeks OnPeakArtist(s)Song% Correct
Year of the Gentleman28 Weeks#7Ne-YoMiss Independent
86%
In a Perfect World...31 Weeks#3Keri Hilson ft. Kanye West & Ne-YoKnock You Down
86%
18 Months20 Weeks#17Calvin Harris ft. Ne-YoLet's Go
86%
Planet Pit45 Weeks#1 (1 Week)Pitbull ft. Ne-Yo, Afrojack & NayerGive Me Everything
71%
Because of You20 Weeks#2Ne-YoBecause of You
71%
Good Girl Gone Bad26 Weeks#7Rihanna ft. Ne-YoHate That I Love You
71%
In My Own Words25 Weeks#1 (2 Weeks)Ne-YoSo Sick
71%
Year of the Gentleman24 Weeks#11Ne-YoMad
57%
Think Like a Man OST2 Weeks#90Jennifer Hudson & Ne-Yo ft. Rick RossThink Like a Man
43%
Libra Scale7 Weeks#87Ne-YoOne in a Million
43%
Libra Scale8 Weeks#75Ne-YoChampagne Life
43%
Nothing but the Beat 2.09 Weeks#64David Guetta ft. Ne-Yo & AkonPlay Hard
43%
Non-Fiction20 Weeks#19Ne-Yo ft. Juicy JShe Knows
43%
R.E.D.28 Weeks#6Ne-YoLet Me Love You (Until You Learn to Love Yourself)
43%
Year of the Gentleman39 Weeks#7Ne-YoCloser
43%
In My Own Words20 Weeks#15Ne-YoWhen You're Mad
29%
Globalization and Non-Fiction27 Weeks#9Pitbull & Ne-YoTime of Our Lives
29%
In My Own Words22 Weeks#7Ne-YoSexy Love
29%
Non-Album Single8 Weeks#66Ne-Yo & JeremihU 2 Luv
29%
Definition of Real22 Weeks#7Plies ft. Ne-YoBust It Baby Part 2
29%
Year of the Gentleman20 Weeks#54Ne-Yo ft. Jamie Foxx & FabolousShe Got Her Own
29%
Libra Scale9 Weeks#53Ne-YoBeautiful Monster
29%
Before I Self Destruct13 Weeks#2850 Cent ft. Ne-YoBaby By Me
29%
Teflon Don1 Week#100Rick Ross ft. Ne-YoSuper High
29%
Fishscale10 Weeks#61Ghostface Killah ft. Ne-YoBack Like That
14%
Thug Motivation 103: Hustlerz Ambition20 Weeks#51Young Jeezy ft. Ne-YoLeave You Alone
14%
Because of You20 Weeks#26Ne-YoDo You
14%
R.O.O.T.S.16 Weeks#19Flo Rida ft. Ne-YoBe on You
14%
From Nothin' to Somethin'21 Weeks#8Fabolous ft. Ne-YoMake Me Better
14%
Because of You3 Weeks#96Ne-YoGo On Girl
14%

Score Distribution

Percentile by Number Answered

Percent of People with Each Score

Your Score History

You have not taken this quiz since the last reset